000 00787nam a2200253Ia 4500
003 OSt
005 20260313110848.0
008 220909b |||||||| |||| 00| 0 eng d
020 _a9788126545032
037 _cReference
040 _aCSL
_beng
_cCSL
041 _aeng
084 _aKZ332g K9;Q4.1 RR
_qCSL
100 _aCarlander, Kenneth D.
_eauthor.
_91131932
245 0 _aHandboook of Freshwater Fishery Biology
260 _aNewDelhi :
_bWiley ,
_c1969 .
300 _a1v. (vi, 752 p.)
_b: ill.
500 _aAuthor index 721-738p.; Subject index 739-752p.
650 _a Fisher biology
_91131933
650 _a Freshwater
_9713214
650 _aZoology
942 _hKZ332g K9;Q4.1 RR
_cREF
_2CC
999 _c15273
_d15273